載入...
China and the South China Sea: Recent Developments
| 主要作者: | |
|---|---|
| 語言: | Undetermined |
| 主題: |
| LEADER | 00472nab a2200145Ia 4500 | ||
|---|---|---|---|
| 008 | 170811c99999999xx |||||||||||| ||und|| | ||
| 100 | |a Teshu Singh | ||
| 245 | |a China and the South China Sea: Recent Developments | ||
| 300 | |a 32-36 | ||
| 653 | |a South China Sea | ||
| 653 | |a China | ||
| 773 | |t World Focus |g Vol. 33 No. 9 (Sept) 2012 | ||
| 942 | |c ART | ||
| 999 | |c 179150 |d 179150 | ||
| 952 | |0 0 |1 0 |4 0 |7 0 |9 244998 |a LIB |b LIB |d 2017-08-13 |h Vol. 33 No. 9 (Sept) 2012 |r 2017-08-13 |w 2017-08-13 |y ART | ||